Normal view
MARC view
Entry Personal Name
001 - CONTROL NUMBER
- control field: 1129
003 - CONTROL NUMBER IDENTIFIER
- control field: BD-DhUIB
005 - DATE AND TIME OF LATEST TRANSACTION
- control field: 20260602144247.0
008 - FIXED-LENGTH DATA ELEMENTS
- fixed length control field: 260602|| aca||aabn | a|a d
040 ## - CATALOGING SOURCE
- Original cataloging agency: BD-DhUIB
- Transcribing agency: BD-DhUIB
100 ## - HEADING--PERSONAL NAME
- Personal name: Suguhara, Kaoru
670 ## - SOURCE DATA FOUND
- Source citation: Work cat.: (BD-DhUIB)719: Suguhara, Kaoru., Japan China and the growth of the Asian international economy 1850-1949/
